LEADER 01334nam a2200301 u 4500 001 000000005498 003 CaOOAMICUS 005 20070226104752.0 008 940514s1978 it u000 u ita u 035 $a10142085 040 $aPUL(R)$bita$dBAV-R2 100 1 $aNebuloni, Roberto,$d1950-1994.$0(OLS)http://pul/name/5690 245 10$aDialettica e storia in Th. W. Adorno /$cRoberto Nebuloni. 260 $aMilano :$bVita e pensiero,$c1978. 300 $aviii, 147 p. ;$c22 cm 490 1 $aScienze filosofiche ;$v17 504 $aBibliography: p. [137]-147. 600 14$aAdorno, Theodor Wiesengrund,$d1903-1969.$0(OLS)http://pul/subject/4969 650 0$aDialectic.$2//eng$0(OLS)http://pul/subject/4970 650 0$aHistory$xPhilosophy.$2//eng$0(OLS)http://pul/subject/4812 710 2 $aUniversità cattolica del Sacro Cuore. Sede di Milano.$0(OLS)http://pul/name/534 830 0$aScienze filosofiche ;$v17.$0(OLS)http://pul/title/2068 850 $aPUL 852 $aPUL$W1$xSL Filosofia 2$y80$mPhil A13 17$j7703$nBK-PRI$b $qStampati altre collocazioni$B7703$CPULBib$Z2$F7703 $H $81 941 1 $a10 961 $aINV: 45015 996 $6245$aDialettica e storia in Th. W. Adorno$9(OLS)http://pul/title/8056 996 $6260$aMilano :$bVita e pensiero$9(OLS)http://pul/publisher/48016 LEADER 01666nam a2200385 a 4500 001 000000125705 003 CaOOAMICUS 005 20160219094547.0 008 110615m20119999it u000 u ita r 020 $a978-88-10-20658-4 020 $a978-88-10-20670-6 (v. 2)* 032 $aLibriCat 040 $aPUL$bita 041 1 $aita$hfre 082 $a226.6 100 1 $aMarguerat, Daniel.$0(OLS)http://pul/name/53016 240 10$aActes des apôtres.$lItaliano.$0(OLS)http://pul/title/158528 245 14$aGli Atti degli Apostoli /$cDaniel Marguerat. 260 $aBologna :$bEDB,$c©2011- 300 $av. ;$c24 cm. 490 1 $aTesti e commenti 504 $aInclude riferimenti bibliografici e indice. 505 1 $aV. 1. (1-12). -- v. 2. (13-28). 630 04$aBiblia.$pN.T.$pActus apostolorum.$xCritica e interpretazione.$0(OLS)http://pul/subject/1725 830 0$aTesti e commenti (Edizioni Dehoniane Bologna).$0(OLS)http://pul/title/43729 850 $aPUL 852 $aPUL$W1$xSL Religione 3$y85$m226. 6 MARDA 1$j144806$qDDC 21$B143819$CPULBib$Z2$F143819 $H117444 $82 852 $aPUL$W1$xSL Religione 3$y85$m226. 6 MARDA 1.2$j172176$bv. 2$qDDC 21$B173800$CPULBib$Z2$F173800 $H127206 $81 941 1 $a9 996 $6020$a978-88-10-20658-4$9(OLS)http://pul/number/147488 996 $6020$a978-88-10-20670-6 (v. 2)*$9(OLS)http://pul/number/159766 996 $6082$a226.6$9(OLS)http://pul/classification/437 996 $6245$aGli Atti degli Apostoli$9(OLS)http://pul/title/158529 996 $6260$aBologna :$bEDB$9(OLS)http://pul/publisher/56073